| 000 | 00650nam a2200181 a 4500 | ||
|---|---|---|---|
| 005 | 20210219154610.0 | ||
| 008 | 030910s1985 mx r 000 0 spa d | ||
| 020 | _a9688052159 | ||
| 035 | _aUPN01000128737 | ||
| 049 | _aCG | ||
| 050 | 4 |
_aF1232 M5 _bM5.4 |
|
| 100 | 1 |
_aMier Noriega y Guerra, José Servando Teresa de, _cFray, _d1765-1827 |
|
| 245 | 1 | 0 |
_aEscritos inéditos / _cFray Servando Teresa de Mier ; introd., notas y ordenación de textos J. M. Miguel I. Vergés, Hugo Díaz Thome. |
| 260 |
_aMéxico : _bINEHRM, _c1985. |
||
| 300 | _a558 p. | ||
| 600 | 1 | 4 |
_aMIER NORIEGA Y GUERRA, JOSE SERVANDO TERESA DE, _cFRAY, _d1765-1827 |
| 905 | _aLibro | ||
| 999 |
_c100914 _d100914 |
||